| 000 | 00618cam a22001814a 4500 | ||
|---|---|---|---|
| 005 | 20250605164357.0 | ||
| 008 | 250528s ||||||||||||||||||||||||d | ||
| 035 | _a24385 | ||
| 040 |
_aGR-AtMCL _bgre _dGR-AtMCL _eAACR2 |
||
| 245 | 1 | _aAramco World | |
| 260 |
_bAramco Services Company, _c2016 |
||
| 300 | _a40 | ||
| 520 | _aForest of Tides: The Sundarbans, More than One Story, Epic Nation, How the Middle Eastern Irrigation Ditch Called Acequia Changed the American Southwest, Malika IV: Hurrem Sultan (Roxolana). | ||
| 700 | 1 |
_aAbul Hamayel Basil A. _99456 |
|
| 942 | _cCR | ||
| 999 |
_c9273 _d9273 |
||